Statystyki dla Filmy Dreamworks Animated Pictures.

Kliknij tutaj aby rozwiązać quiz!

Ogólne statystyki

  • Ten quiz został rozwiązany 396 razy
  • Średni wynik to 12 z 17

Statystyki odpowiedzi

RokOpisFilm% Poprawnych
2001Ogr i osioł wyruszają na misje uratowania księżniczki.Shrek
100%
2005Zwierzęta z Nowojorskiego zoo zostały wysłane na Afrykańską wyspę.Madagaskar
96%
2010Nastolatek wiking zaprzyjaźnił się ze smokiemJak wytresować smoka
94%
2008Chińske zwierzę zostało mistrzem sztuk walki.Kung Fu Panda
94%
2011Odtworzenie filmu o ogrze, w którym główną postacią jest kot.Kot w butach
92%
2007Owad zbierający miód składa pozew przeciwko rasie ludzkiejFilm o pszczołach
83%
2013Rodzina jaskiniowców nigdy nie opuszcza jaskini, dopóki jedna dziewczyna. nie odważy się zaryzykowaćKrudowie
78%
2013DNA ślimaka jest zakodowane dzięki czemu jest szybki.Turbo
77%
2017Dziecko mówi jak dorosły i nosi garniturDzieciak rządzi
75%
2004Ryba wargatek sanitarnik ucieka przed mafią rekinaRybki z ferajny
64%
2010Superinteligentny czarny charakter wygrywa, ale potem się nudzi, dlatego tworzy nowego superbohatera, z którym ma walczyćMegamocny
62%
2016Wredne brzydkie stworzenia mogą czuć się szczęśliwe tylko wtedy, gdy jedzą małe, szczęśliwe stworzenie o tęczowych włosachTrolle
62%
2006Szop, wiewiórka i inne różne zwierzęta mają przygody w osiedlu podmiejskimSkok przez płot
61%
2019Dziewczyna musi pomóc wrócić yeti do jego domu na Mt. EverestO Yeti!
47%
2015Ziemia zostaje zaatakowana przez uroczych kosmicznych kosmitów zwanych „Boovami”Dom
44%
1998Pierwszy film Dreamworks, oskarżony o kradzież filmu Pixar "Dawno temu w trawie"Mrówka Z
42%
2000Ptaki muszą uciec z farmy zanim zostaną zamienione w placki.Uciekające kurczaki
32%

Rozkład punktacji

Percentyl według liczby udzielonych odpowiedzi

Procent ludzi z każdym wynikiem

Twoja historia wyników

Nie rozwiązałeś tego quizu